| 000 | 00763cam a22002533a 4500 | ||
|---|---|---|---|
| 001 | 18005 | ||
| 003 | PGUSA | ||
| 005 | 20140828083401.0 | ||
| 008 | 060316s2006||||xxu|||||s|||||000 1 eng d | ||
| 040 |
_aPGUSA _beng |
||
| 042 | _adc | ||
| 050 | 4 | _aPQ | |
| 100 | 1 |
_aPardo Bazán, Emilia, condesa de, _d1852-1921 |
|
| 245 | 1 | 0 |
_aLos pazos de Ulloa _h[electronic resource] / _cEmilia, condesa de Pardo Bazán |
| 260 |
_bProject Gutenberg, _c2006 |
||
| 506 | _aPublic domain in the USA. | ||
| 516 | _aElectronic text | ||
| 653 | _aClergy -- Fiction | ||
| 653 | _aGalicia (Spain : Region) -- Fiction | ||
| 653 | _aAristocracy (Social class) -- Fiction | ||
| 830 | 0 |
_aProject Gutenberg _v18005 |
|
| 856 | 4 | 0 | _uhttp://www.gutenberg.org/ebooks/18005 |
| 942 | _cEB | ||
| 999 |
_c247260 _d247260 |
||